It's the Great Pumpkin, Charlie Brown / Charles M. ... Read More
Available copies
- 0 of 1 copy available at LARL/NWRL Consortium. (Show)
- 0 of 1 copy available at Lake Agassiz Regional Library.
Current holds
0 current holds with 1 total copy.
View other formats and editions
Show Only Available Copies
| Location | Call Number / Copy Notes | Barcode | Shelving Location | Status | Due Date |
|---|---|---|---|---|---|
| Detroit Lakes Public Library | E S (Text) | 33500012119616 | Main | Checked out | 06/18/2026 |
Record details
- ISBN: 148143585X (paperback)
- ISBN: 9781481435857 (paperback)
- Physical Description: 1 volume (unpaged) : color illustrations ; 21 cm
- Edition: First Simon Spotlight edition.
- Publisher: New York : Simon Spotlight, 2015.
Content descriptions
| General Note: | "Peanuts." |
| Summary, etc.: | Linus convinces Sally to wait for the Great ... Read More |
Search for related items by subject
| Subject: | Brown, Charlie (Fictitious character) > Juvenile fiction. Halloween > Fiction. Halloween > Juvenile fiction. Halloween > Fiction. Halloween |
| Genre: | Fiction. Juvenile works. |
| LDR | 01811cam a2200433Ii 4500 | ||
|---|---|---|---|
| 001 | 183120 | ||
| 003 | LARL_NWRL_CONSORTIUM | ||
| 005 | 20150819090045.0 | ||
| 008 | 141009s2015 nyua j 000 0 eng d | ||
| 020 | . | ‡a148143585X (paperback) | |
| 020 | . | ‡a9781481435857 (paperback) | |
| 035 | . | ‡a(OCoLC)892701528 | |
| 040 | . | ‡aYDXCP ‡beng ‡cYDXCP ‡dOCLCQ ‡erda ‡dNYP ‡dOCLCO | |
| 050 | 0 | 0. | ‡aPZ7.S38877 |
| 082 | . | ‡a[Fic] | |
| 100 | 1 | . | ‡aSchulz, Charles M. ‡q(Charles Monroe), ‡d1922-2000. ‡0(LARL_NWRL_CONSORTIUM)55655 |
| 245 | 1 | 0. | ‡aIt's the Great Pumpkin, Charlie Brown / ‡cCharles M. Schulz ; adapted by Kara McMahon ; illustrated by Scott Jeralds. |
| 246 | 1 | . | ‡iAt head of title : ‡aPeanuts |
| 250 | . | ‡aFirst Simon Spotlight edition. | |
| 264 | 1. | ‡aNew York : ‡bSimon Spotlight, ‡c2015. | |
| 300 | . | ‡a1 volume (unpaged) : ‡bcolor illustrations ; ‡c21 cm | |
| 336 | . | ‡atext ‡btxt ‡2rdacontent | |
| 337 | . | ‡aunmediated ‡bn ‡2rdamedia | |
| 338 | . | ‡avolume ‡bnc ‡2rdacarrier | |
| 500 | . | ‡a"Peanuts." | |
| 520 | . | ‡aLinus convinces Sally to wait for the Great Pumpkin to arrive on Halloween. | |
| 650 | 0. | ‡aBrown, Charlie (Fictitious character) ‡vJuvenile fiction. | |
| 650 | 0. | ‡aHalloween ‡vFiction. ‡0(LARL_NWRL_CONSORTIUM)165596 | |
| 650 | 0. | ‡aHalloween ‡vJuvenile fiction. ‡0(LARL_NWRL_CONSORTIUM)165543 | |
| 650 | 1. | ‡aHalloween ‡vFiction. ‡0(LARL_NWRL_CONSORTIUM)165596 | |
| 650 | 7. | ‡2fast ‡aHalloween ‡0(LARL_NWRL_CONSORTIUM)21819 | |
| 655 | 7. | ‡aFiction. ‡2fast | |
| 655 | 7. | ‡aJuvenile works. ‡2fast | |
| 700 | 1 | . | ‡aSchulz, Charles M. ‡q(Charles Monroe), ‡d1922-2000. ‡tPeanuts. ‡0(LARL_NWRL_CONSORTIUM)3591 |
| 700 | 1 | . | ‡aMcMahon, Kara, ‡eadapter. ‡0(LARL_NWRL_CONSORTIUM)134570 |
| 700 | 1 | . | ‡aJeralds, Scott, ‡eillustrator. ‡0(LARL_NWRL_CONSORTIUM)200231 |
| 901 | . | ‡a183120 ‡bOCLC ‡c183120 ‡tbiblio | |

Add to basket
Permalink
Enable Highlighting